<?xml version='1.0' encoding='UTF-8'?>
  <record xmlns="http://www.loc.gov/MARC21/slim">
    <leader>00000cam a22000007i 4500</leader>
    <controlfield tag="001">ocm68843529</controlfield>
    <controlfield tag="003">OCoLC</controlfield>
    <controlfield tag="005">20250524041934.3</controlfield>
    <controlfield tag="008">960124s1701    ne            000 0 lat d</controlfield>
    <datafield tag="040" ind1=" " ind2=" ">
      <subfield code="a">NLGGC</subfield>
      <subfield code="b">dut</subfield>
      <subfield code="e">fobidrtb</subfield>
      <subfield code="c">NLGGC</subfield>
      <subfield code="d">OCLCQ</subfield>
      <subfield code="d">OCLCL</subfield>
    </datafield>
    <datafield tag="029" ind1="0" ind2=" ">
      <subfield code="a">NLGGC</subfield>
      <subfield code="b">145021858</subfield>
    </datafield>
    <datafield tag="035" ind1=" " ind2=" ">
      <subfield code="a">(OCoLC)68843529</subfield>
    </datafield>
    <datafield tag="041" ind1="1" ind2=" ">
      <subfield code="a">lat</subfield>
      <subfield code="h">fre</subfield>
    </datafield>
    <datafield tag="072" ind1=" " ind2="7">
      <subfield code="a">c</subfield>
      <subfield code="2">odfysin</subfield>
    </datafield>
    <datafield tag="072" ind1=" " ind2="7">
      <subfield code="a">i</subfield>
      <subfield code="2">odfysin</subfield>
    </datafield>
    <datafield tag="072" ind1=" " ind2="7">
      <subfield code="a">x</subfield>
      <subfield code="2">odfysin</subfield>
    </datafield>
    <datafield tag="082" ind1="0" ind2="4">
      <subfield code="a">500</subfield>
      <subfield code="q">OCoLC</subfield>
      <subfield code="1">https://id.oclc.org/worldcat/ddc/E38rcWXWBWG6GjxQx7CDpXR9pG</subfield>
    </datafield>
    <datafield tag="100" ind1="1" ind2=" ">
      <subfield code="a">Descartes, René,</subfield>
      <subfield code="d">1596-1650.</subfield>
      <subfield code="0">(NL-LeOCL)068457170</subfield>
    </datafield>
    <datafield tag="245" ind1="1" ind2="0">
      <subfield code="a">Opuscula posthuma, physica, et mathematica /</subfield>
      <subfield code="c">R. Des-cartes.</subfield>
    </datafield>
    <datafield tag="246" ind1="3" ind2=" ">
      <subfield code="a">Mundus, sive dissertatio de lumine</subfield>
    </datafield>
    <datafield tag="246" ind1="3" ind2=" ">
      <subfield code="a">De mechanica tractatus una cum elucidationibus N. Poissonii</subfield>
    </datafield>
    <datafield tag="246" ind1="3" ind2=" ">
      <subfield code="a">Regulæ ad directionum ingenii ut et inquisitio veritatis</subfield>
    </datafield>
    <datafield tag="260" ind1=" " ind2=" ">
      <subfield code="a">Amstelodami :</subfield>
      <subfield code="b">ex typographia P. &amp; J. Blaeu,</subfield>
      <subfield code="c">1701.</subfield>
    </datafield>
    <datafield tag="300" ind1=" " ind2=" ">
      <subfield code="a">[12], 74, [2], 51, 22, 90, 26, 17, [3], 49 p. ;</subfield>
      <subfield code="c">in-4.</subfield>
    </datafield>
    <datafield tag="336" ind1=" " ind2=" ">
      <subfield code="a">tekst</subfield>
      <subfield code="b">txt</subfield>
      <subfield code="2">rdacontent/dut</subfield>
    </datafield>
    <datafield tag="337" ind1=" " ind2=" ">
      <subfield code="a">zonder medium</subfield>
      <subfield code="b">n</subfield>
      <subfield code="2">rdamedia/dut</subfield>
    </datafield>
    <datafield tag="338" ind1=" " ind2=" ">
      <subfield code="a">band</subfield>
      <subfield code="b">nc</subfield>
      <subfield code="2">rdacarrier/dut</subfield>
    </datafield>
    <datafield tag="500" ind1=" " ind2=" ">
      <subfield code="a">Collatieformule: * 4  * 2  A-I 4  K 2  a-g 4  A-L 4  M 2 (-M2)  A-C 4  D (a)-(c) 4  A-F 4  G 2.</subfield>
    </datafield>
    <datafield tag="500" ind1=" " ind2=" ">
      <subfield code="a">Bevat o.a.: Mundus, sive dissertatio de lumine, De mechanica tractatus una cum elucidationibus N. Poissonii, Regulæ ad directionum ingenii ut et inquisitio veritatis.</subfield>
    </datafield>
    <datafield tag="530" ind1=" " ind2=" ">
      <subfield code="a">Titel is gedigitaliseerd voor de Koninklijke Bibliotheek in het kader van het Google Books-project.</subfield>
    </datafield>
    <datafield tag="700" ind1="1" ind2=" ">
      <subfield code="a">Blaeu, Joan</subfield>
      <subfield code="c">II</subfield>
      <subfield code="c">Amsterdam.</subfield>
      <subfield code="4">prt</subfield>
      <subfield code="0">(NL-LeOCL)077132491</subfield>
    </datafield>
    <datafield tag="700" ind1="1" ind2=" ">
      <subfield code="a">Blaeu, Pieter</subfield>
      <subfield code="c">Amsterdam.</subfield>
      <subfield code="4">prt</subfield>
      <subfield code="0">(NL-LeOCL)077132483</subfield>
    </datafield>
    <datafield tag="776" ind1="0" ind2=" ">
      <subfield code="t">Opuscula posthuma, physica, et mathematica</subfield>
      <subfield code="w">(NL-LeOCL)383222176</subfield>
    </datafield>
    <datafield tag="856" ind1="4" ind2="2">
      <subfield code="y">Short Title Catalogue, Netherlands</subfield>
      <subfield code="u">http://resolver.kb.nl/resolve?urn=STCN:297107321:record</subfield>
      <subfield code="z">zie de oorspronkelijke beschrijving bij de STCN voor mogelijk overige vindplaatsen</subfield>
      <subfield code="7">0</subfield>
    </datafield>
    <datafield tag="936" ind1=" " ind2=" ">
      <subfield code="a">BATCHLOAD</subfield>
    </datafield>
  </record>